00664nam a2200181 i 450000100060000000300090000600500170001500700030003200800410003510000380007624500790011426000640019330000220025770000340027985200320031399900170034595201200036226757ES-MaACL20251019063038.0t|030110s1945 sp ||||1| eng d1 aAusten, Jane, d1775-1817924238210aEmma / cJane Austen ; traducción del inglés por Jaime Bofill y Ferro. aBarcelona : bArimany, c[1945] (fGráficas C.N. Gisbert) a497 p. ; c19 cm.1 aBofill i Ferro, Jaume.929787 aES-MaACLjB-10240 bR.21622 c26757d26757 00104070aATENEOMbATENEOMcSPBd2008-01-17eSCl0oB-10240p1027614r2023-02-23 00:00:00w2023-02-23yMONOGRAFIA